Isopentenoids and other natural products: evolution and function Developed from a symposium ..., Denver, Colorado, march 28 - april 2, 1993

Gespeichert in:
Bibliographische Detailangaben
Weitere Verfasser: Nes, W. David Edit (Herausgegeben von)
Format: Buch
Sprache:Englisch
Veröffentlicht: Washington American Chemical Society 1994
Ausgabe:[1. ed.]
Schriftenreihe:ACS symposium series 562
Online-Zugang:Im OPAC anzeigen
Tags: Tag hinzufügen
Keine Tags, Fügen Sie das erste Tag hinzu!

MARC

LEADER 00000nam a2200000 a 4500
005 20260127134111.0
008 000507e1994 xxu g eng c
020 |a 0841229341  |c [2.100.00 SK] 
035 |a vtls008473481 
035 |a SAVUKc048339 
039 9 |y 200602030104  |z VLOAD 
040 |a SAVUK  |b slo  |c SNK  |e AACR2 
041 1 |a eng 
044 |a xxu  |c US 
080 |a 577.1:575.8 
080 |a 547.9 
242 1 0 |a Izopentenoidy a iné prírodné produkty: vývin a funkcia  |y eng 
245 1 0 |a Isopentenoids and other natural products: evolution and function  |b Developed from a symposium ..., Denver, Colorado, march 28 - april 2, 1993  |c Edit. W. David Nes 
250 |a [1. ed.] 
260 |a Washington  |b American Chemical Society  |c 1994 
300 |a VIII, 255 s.  |b Lit., obr., reg. 
490 0 |a ACS symposium series  |v 562 
700 1 |a Nes, W. David  |q Edit.  |4 edt 
830 0 |a ACS symposium series  |v 562 
910 |a savuk 
919 |a 0-8412-2934-1 
999 |c 4088  |d 4088